000
00293nam a22001217a 4500
008
170302b xxu||||| |||| 00| 0 eng d
041
_a
eng
080
_2
3 ED
_a
616.073
100
_a
6
101
_a
SHM
245
_a
RADIOGRAPHIC POSITIONING FOR THE CHIROPRACTOR
_c
PERCUOCO.R
942
_2
udc
_c
BK
999
_c
6572
_d
6572